Introduction to functional programming using Haskell / (Record no. 7698)

MARC details
000 -LEADER
fixed length control field 00588mam a2200205 a 4500
001 - CONTROL NUMBER
control field 2181168
003 - CONTROL NUMBER IDENTIFIER
control field NG-AbAUS
005 - DATE AND TIME OF LATEST TRANSACTION
control field 20230319005606.0
008 - FIXED-LENGTH DATA ELEMENTS--GENERAL INFORMATION
fixed length control field 980206s1998 enk b 001 0 eng
020 ## - INTERNATIONAL STANDARD BOOK NUMBER
International Standard Book Number 0134843460
020 ## - INTERNATIONAL STANDARD BOOK NUMBER
International Standard Book Number 013484338X (alk. paper)
040 ## - CATALOGING SOURCE
Original cataloging agency DLC
Transcribing agency DLC
Modifying agency YDX
082 00 - DEWEY DECIMAL CLASSIFICATION NUMBER
Classification number 005.1/14
Edition number 21
100 1# - MAIN ENTRY--PERSONAL NAME
Personal name Bird, Richard,
Dates associated with a name 1943-
9 (RLIN) 664
245 10 - TITLE STATEMENT
Title Introduction to functional programming using Haskell /
Statement of responsibility, etc Richard Bird.
250 ## - EDITION STATEMENT
Edition statement 2nd ed.
260 ## - PUBLICATION, DISTRIBUTION, ETC. (IMPRINT)
Place of publication, distribution, etc London ;
-- New York :
Name of publisher, distributor, etc Prentice Hall Europe,
Date of publication, distribution, etc c1998.
300 ## - PHYSICAL DESCRIPTION
Extent xii, 433 p. ;
Dimensions 24 cm.
942 ## - ADDED ENTRY ELEMENTS (KOHA)
Source of classification or shelving scheme Dewey Decimal Classification
Item type Book

No items available.